Movies Quiz

Random Movies Quiz

Shia LeBeouf Movies Quiz Stats

 Plays Quiz not verified by Sporcle

Support Sporcle.
Go Orange.
Score 0/20 Timer 07:00
0 Plays Today
year movie % Correct
2007Transformers
94.3%
2003Holes
70.1%
2007Disturbia
62.1%
2008Eagle Eye
62.1%
2009Transformers: Revenge of the Fallen
62.1%
2011Transformers: Dark of the Moon
44.8%
2008Indiana Jones and the Kingdom of the Crystal Skull
41.4%
2010Wall Street: Money Never Sleeps
32.2%
2004I, Robot
29.9%
2005Constantine
13.8%
year movie % Correct
2005The Greatest Game Ever Played
12.6%
2007Surf's Up
10.3%
2009New York, I Love You
6.9%
2006Bobby
5.7%
2003Dumb & Dumberer: When Harry Met Lloyd
3.4%
2003Charlie's Angels: Full Throttle
3.4%
2003The Battle of Shaker Heights
3.4%
2006A Guide To Recognizing Your Saints
3.4%
1998Monkey Business
2.3%
1998The Christmas Path
2.3%

You're not logged in!

Compare scores with friends on all Sporcle quizzes.
OR
Log In

From the Vault

Most Guessed Asian Countries Per Letter Minefield

by peterules54

How well do you know your fellow Sporclers' ability to correctly guess answers on Sporcle quizzes?
Remove Ads.
Support Sporcle.
Get the best of Sporcle when you Go Orange. This ad-free experience offers more features, more stats, and more fun while also helping to support Sporcle. Thank you for becoming a member.

Show Comments

Extras

Created Feb 6, 2011ReportNominate
Tags:shia

Top Quizzes Today


Score Distribution

Your Account Isn't Verified!

In order to create a playlist on Sporcle, you need to verify the email address you used during registration. Go to your Sporcle Settings to finish the process.

Report this User

Report this user for behavior that violates our Community Guidelines.

Details: